| 000 | 00569cam a22001457a 4500 | ||
|---|---|---|---|
| 008 | 180718b1961 xxu||||| |||| 00| 0 eng d | ||
| 082 | _aT215x54 In2 | ||
| 245 |
_aReport of the Oil Price Enquiry Committee, July 1961 _cby Department of Mines and Fuel, Ministry of Steel, Mines and Fuel |
||
| 260 |
_aDelhi _bThe Manager of Publications _c1961 |
||
| 300 | _a121+p. | ||
| 500 | _aChairman: K.R. Damble | ||
| 700 | _aIndia. Ministry of Steel, Mines and Fuel Department of Mines and Fuel | ||
| 700 | _aDamble, K.R. (Chairman) | ||
| 700 | _aIndia. Oil Price Enquiry Committee | ||
| 999 |
_c489681 _d489681 |
||